Environmental Economics: A Textbook / (Record no. 336)
[ view plain ]
| 000 -LEADER | |
|---|---|
| fixed length control field | 00502nam a2200157Ia 4500 |
| 008 - FIXED-LENGTH DATA ELEMENTS--GENERAL INFORMATION | |
| fixed length control field | 190805s9999||||xx |||||||||||||| ||und|| |
| 020 ## - INTERNATIONAL STANDARD BOOK NUMBER | |
| International Standard Book Number | 9788120721463 |
| Terms of availability | Rs. 250.00 |
| 082 04 - DEWEY DECIMAL CLASSIFICATION NUMBER | |
| Classification number | 333.7 |
| Item number | K1482 |
| 100 1# - MAIN ENTRY--PERSONAL NAME | |
| Personal name | Karpagam, M. |
| 245 10 - TITLE STATEMENT | |
| Title | Environmental Economics: A Textbook / |
| 260 ## - PUBLICATION, DISTRIBUTION, ETC. (IMPRINT) | |
| Place of publication, distribution, etc | New Delhi : |
| Name of publisher, distributor, etc | Sterling Publishers Pvt Ltd., |
| Date of publication, distribution, etc | 1999, reprinted 2015 |
| 300 ## - PHYSICAL DESCRIPTION | |
| Extent | xii, 363 p. |
| Other physical details | : |
| Dimensions | ; 21.5 cm |
| 650 #0 - SUBJECT ADDED ENTRY--TOPICAL TERM | |
| Topical term or geographic name as entry element | Environmental economics |
| Form subdivision | Textbooks |
| 852 ## - LOCATION/CALL NUMBER | |
| Location | |
| 942 ## - ADDED ENTRY ELEMENTS (KOHA) | |
| Item type | Books |
| Withdrawn status | Lost status | Damaged status | Not for loan | Collection code | Permanent location | Current location | Shelving location | Date acquired | Source of acquisition | Cost, normal purchase price | Full call number | Barcode | Date last seen | Koha item type | Public note | Total Checkouts | Date last borrowed | Source of classification or shelving scheme |
|---|---|---|---|---|---|---|---|---|---|---|---|---|---|---|---|---|---|---|
| Management Studies | IMU Kochi Library | IMU Kochi Library | General Stacks | 2018-02-07 | Segment Book Distrubuters | 250.00 | 333.7 K1482 | BK005156 | 2019-08-05 | Books | Gen. Shelf-4, Row-1 | |||||||
| Management Studies | IMU Kochi Library | IMU Kochi Library | General Stacks | 2018-02-07 | Segment Book Distrubuters | 250.00 | 333.7 K1482 | BK005157 | 2022-11-23 | Books | Gen. Shelf-4, Row-1 | 1 | 2022-11-23 | |||||
| Management Studies | IMU Kochi Library | IMU Kochi Library | General Stacks | 2018-02-07 | Segment Book Distrubuters | 250.00 | 333.7 K1482 | BK005158 | 2019-08-05 | Books | Gen. Shelf-4, Row-1 | |||||||
| Management Studies | IMU Kochi Library | IMU Kochi Library | General Stacks | 2018-02-07 | Segment Book Distrubuters | 250.00 | 333.7 K1482 | BK005155 | 2019-08-05 | Books | Gen. Shelf-4, Row-1 | |||||||
| Management Studies | IMU Kochi Library | IMU Kochi Library | General Stacks | 2016-01-25 | M/s Anand Enterprises (Inv. No. 191 dt. 2016-01-21) | 200.00 | 333.7 K1482 | BK002844 | 2019-09-24 | Books | Gen. Shelf-4, Row-1 |